000
00324nam a2200133Ia 4500
008
220204s9999 xx 000 0 und d
082
_a
630*81
_b
GIB
100
_a
GIBBIA, S W
245
0
_a
Wood finishing and refinishing
250
_a
3
260
_a
New York
_b
Van Nostrand
_c
1981
650
_a
Wood finishing
942
_c
BK
999
_c
36739
_d
36739